00459nam a22001577a 450000500170000001000150001702000260003203500140005803700130007208200110008510000200009624500700011626000360018627000550022230000240027720220803103046.0 aENG-134187 a9789386050670c399.00 aEN-117719 bDBAD/PUB a954.16 aLiddle, Swapna  aChandni Chowk: cby Swapna Liddlebthe mughal city of old Delhi / aNew DelhibSpeaking Tigerc2017 a4381/4, Ansari Road, Daryaganj,bNew Delhie110002 axii,256p.c20cm(Hb)